000 00285nam a22001337a 4500
008 171002b xxu||||| |||| 00| 0 eng d
020 _a9780044454373
041 _aeng
080 _a37
100 _a47
101 _aEDU
245 _aREADING THE POPULAR
_cFISKE,J
942 _2udc
_cBK
999 _c31079
_d31079